Library Banner

Maulana Muhammad Gull Sher Shaheed =مولانا محمد گل شیر شہید : (Record no. 122047)

MARC details
000 -LEADER
fixed length control field 00629nam a22001697a 4500
005 - DATE AND TIME OF LATEST TRANSACTION
control field 20210422152422.0
008 - FIXED-LENGTH DATA ELEMENTS--GENERAL INFORMATION
fixed length control field 210422b ||||| |||| 00| 0 eng d
040 ## - CATALOGING SOURCE
Transcribing agency PK-LaUMT
082 ## - DEWEY DECIMAL CLASSIFICATION NUMBER
Classification number RHC 297.72092
Item number UME-M
100 ## - MAIN ENTRY--PERSONAL NAME
Personal name Umer Farooq, Muhammad = عمر فاروق، محمد
245 ## - TITLE STATEMENT
Title Maulana Muhammad Gull Sher Shaheed =مولانا محمد گل شیر شہید :
Remainder of title sawaneh wa khidmaat = سوانح و خدمات /
Statement of responsibility, etc by Muhammad Umer Farooq = محمد عمر فاروق
260 ## - PUBLICATION, DISTRIBUTION, ETC. (IMPRINT)
Place of publication, distribution, etc Multan :
Name of publisher, distributor, etc Bokhari Academy,
Date of publication, distribution, etc 1992
300 ## - PHYSICAL DESCRIPTION
Extent 404 p.
650 ## - SUBJECT ADDED ENTRY--TOPICAL TERM
Topical term or geographic name as entry element Jihad
650 ## - SUBJECT ADDED ENTRY--TOPICAL TERM
Topical term or geographic name as entry element Muhammad Gul Sher-Biography
942 ## - ADDED ENTRY ELEMENTS (KOHA)
Koha item type Books
Holdings
Withdrawn status Lost status Damaged status Home library Current library Date acquired Full call number Barcode Date last seen Price effective from Koha item type
      UMT Main Campus UMT Main Campus 2021-04-22 RHC 297.72092 UME-M 136972 2021-04-22 2021-04-22 Books